| 000 | 00612nam a22001697a 4500 | ||
|---|---|---|---|
| 020 | _qHard Cover. | ||
| 082 | _a200 | ||
| 100 | _aKhattak, Saeed Anwar | ||
| 245 |
_aSynthesis and Study of Aluminum Substituted Copper Nickel Spinel Nano Ferrites / _cSaeed Anwar Khattak. |
||
| 260 |
_aIslamabad: _bSCME - NUST, _c2013. |
||
| 300 |
_a77 p. : _bill. ; _c30cm. |
||
| 650 |
_aMS-Materials Engineering _9129142 |
||
| 700 |
_aSupervisor: Dr. Iftikhar Hussain Gul _9123462 |
||
| 856 | _uhttp://10.250.8.41:8080/xmlui/handle/123456789/21696 | ||
| 942 |
_2ddc _cSC |
||
| 999 |
_c534238 _d534238 |
||